| 000 | 00710nam a22001577a 4500 | ||
|---|---|---|---|
| 003 | OSt | ||
| 005 | 20151027111043.0 | ||
| 008 | 151027b xxu||||| |||| 00| 0 eng d | ||
| 040 | _cRUA | ||
| 082 | _aVMF TAN 2003 B112 Or.1 | ||
| 100 |
_92946 _aTANH BOTTA |
||
| 245 | _aHousehold pig raising using localfeed in chamkarleu district, kampong cham province, (ការចិញ្ចឹមជ្រូកជាលក្ខណះគ្រួសារ ដោយប្រើប្រាស់ចំណីក្នុងស្រុក នៅស្រុកចំការលើ ខេត្តកំពង់ចាម) | ||
| 260 |
_aPhnom Penh _bRua _c2003 |
||
| 300 |
_avii; 53p. _bill. _c29cm. |
||
| 942 |
_2ddc _cVTF` |
||
| 999 |
_c2761 _d2761 |
||